000 00761nam a22002297a 4500
999 _c64812
_d64812
005 20240530110752.0
008 181216s2018 ua g 00| f ara d
017 _a2018/2091
_bمصر. دار الكتب
020 _a9789777951623
040 _aEG-CaGPL
_cEG-CaGPL
082 0 4 _221
_a813.03 /
_bأ س
100 0 _aاشرف العشماوى
245 1 0 _aسيدة الزمالك :
_bرواية /
_cاشرف العشماوى
250 _aط.4
260 _aالقاهرة :
_bالدار المصرية اللبنانية ،
_c2018.
300 _a375 ص. ؛
_c19 سم.
650 0 7 _2qrmak
_aالادب العربى
650 0 7 _2qrmak
_aالقصص العربية
651 _2qrmak
942 _2ddc
_cBK